000 00763nam a2200241Ia 4500
003 OSt
005 20220918174956.0
006 a|||||r|||| 00| 0
007 ta
008 220917b |||||||| |||| 00| 0 eng d
024 _a14,958
037 _cTextual
040 _aARTS
_cARTS
_beng
041 _2eng
_aeng
082 _aO:1H40x, F6.3 (TTO)
100 _aChaucer Geoffrey
_911050
245 0 _aHouse of fame
_b the legand of good women; the treatise on the aaastrolabe; with an account of the source of the Centerbury tales
260 _c1926
490 _aComplete works of Chaucer,ed by Walter w. Skeat,3
650 _aENGLISH LITERATURE
942 _hO:1H40x, F6.3 (TTO)
_cTEXL
_2CC
999 _c155418
_d155418